Statistieken voor Brazilië Trivia Quiz

Klik hier om de quiz te nemen!

Algemene statistieken

  • Deze quiz is 156 keer genomen
  • De gemiddelde score is 14 van 21

Antwoordstatistieken

HintAntwoord% Correct
Meest bevolkte stedenRio de Janeiro
98%
Officiële taalPortugees
93%
HoofdstadBrasilia
92%
Het enige Zuid-Amerikaanse land dat Brazilië niet grenstChili
88%
Het enige Zuid-Amerikaanse land dat Brazilië niet grenstEcuador
85%
Feest dat vijf dagen duurt voor AswoensdagCarnaval
84%
Langste rivierAmazone
83%
Meest bevolkte stedenSão Paulo
74%
Mannen met de meeste
Wereldkampionschap goals
Ronaldo
71%
Brazilië is de #1 producent van deze boonKoffie
70%
Mannen met de meeste
Wereldkampionschap goals
Pelé
69%
Meest bekende standbeeldChristus de {Verlosser}
63%
Meest bekende strandenCopacabana
62%
Controversiële President
verkozen in 2018
Jair Bolsonaro
58%
Naam voor een Braziliaanse sloppenwijkFavela
57%
Muziekgenre dat wordt gespeeld tijdens feest hierbovenSamba
56%
Wat in 1888 verboden werdSlavernij
55%
Meest bekende strandenIpanema
40%
Slogan op de vlag{Ordem} e Progresso
40%
ValutaReal
37%
Watervallen op de Argentijnse grensWatervallen van de {Iguaçu}
20%

Scoreverdeling

Percentiel versus Aantal Correcte Antwoorden

Procent van Mensen met Elke Score

Uw Scoregeschiedenis

U heeft deze quiz nog niet genomen